000 02517cam a2200457 i 4500
003 SA-RiAUC
005 20251007122022.0
008 251007s2008 su o g f000r0bara c
017 _a1428/6554
020 _a4240966
020 _a4274681
020 _a9789960038520
040 _aSA-JeALM
_bara
_cSA-RiAUC
_erda
043 _aa-su---
050 4 _bJ36 2008
082 0 4 _a923.1
_qSA-RiAUC
090 _a923.1
_bج ا م
110 2 _aجامعة أم القرى
_eمؤلف.
245 1 0 _aوطن في أمير /
_cجامعة أم القرى ؛ المشرف العام عدنان بن محمد وزان ؛ إعداد الأستاذ الدكتور يوسف بن علي الثقفي [و3 آخرون] ؛ الطباعة الإلكترونية محمد بن إبراهيم الشمراني ؛ التنسيق وائل بن محمد علي عادل ؛ تصميم وإخراج عبد المنعم النهدي.
264 1 _aمكة المكرمة :
_bجامعة أم القرى،
_c2008
300 _a244 صفحة :
_bصور ؛
_c26 × 26 سم
336 _aنص
_btxt
_2rdacontent
_3كتاب
337 _aبدون وسيط
_bn
_2rdamedia
600 1 7 _aآل سعود، سلمان بن عبد العزيز،
_cملك السعودية،
_d1354 هجري-
_xمطبوعات حكومية
_2aucnm
650 7 _aالمطبوعات الحكومية
_2aucsh
651 7 _aالسعودية
_xتاريخ
_xمطبوعات حكومية
_yسلمان بن عبد العزيز، 1436 هجري-
_2aucsh
651 7 _aالسعودية
_xملوك وحكام
_vتراجم
_2aucsh
651 7 _aالسعودية
_xملوك وحكام
_xمطبوعات حكومية
_2aucsh
651 7 _aالسعودية
_xمطبوعات حكومية
_2aucsh
651 7 _aالسعودية
_vتراجم
_2aucsh
700 1 _aعادل، وائل بن محمد علي
_eمنسق.
700 1 _aالنهدي، عبد المنعم حسن
_eمصمم.
700 1 _aالشمراني، محمد بن إبراهيم
_eمعد.
700 1 _aالحارثي، عدنان محمد فايز،
_d1379 هجري-
_eمعد.
700 1 _aالمداح، أميرة علي محمد،
_d1368 هجري-
_eمعد.
700 1 _aالأنصاري، يوسف بن عبد الله،
_d1380 هجري-
_eمعد.
700 1 _aالثقفي، يوسف بن علي بن رابع،
_d1367 هجري-
_eمعد.
700 1 _aوزان، عدنان محمد عبد العزيز،
_d1371 هجري-
_eمشرف.
942 _2ddc
_cBOOK
_n0
949 _aSA-JeALM
_d251007
_uosman123
_n1
999 _c12455
_d12455